Countries Closest to Türkiye by first two letters - Statistics

General Stats
  • This quiz has been taken 427 times
  • The average score is 14 of 20
Answer Stats
km country miles % Correct
0 Greece 0
91%
0 Iran 0
91%
0 Iraq 0
91%
0 Bulgaria 0
87%
0 Azerbaijan 0
86%
0 Syria 0
86%
0 Armenia 0
85%
0 Georgia 0
83%
136 Russia 85
77%
69 Cyprus 43
73%
285 Israel 177
72%
125 Lebanon 78
69%
198 Romania 123
69%
387 Moldova 240
63%
420 Albania 261
59%
342 Jordan 213
56%
366 Ukraine 227
55%
322 Serbia 200
54%
274 North Macedonia 170
46%
388 Kosovo 241
45%
No matching quizzes found
Score Distribution
Percent of People with Each Score
Percentile by Number Answered
Your Score History
You have not taken this quiz